01407nam a2200361 a 4500001001200000003000800012006001900020007001500039008004100054010001700095020003100112020002700143040002100170035002100191041001300212050002300225082001700248100002300265245008600288260004500374300001700419490006900436504005100505533015200556546002300708650002600731650004000757655002900797710001700826830005900843856012600902999001701028ebr10415698CaPaEBRm u cr cn|||||||||100617s2010 gw sb 001 0 eng d z 2010025276 z9783110227963 (alk. paper) z9783110227970 (e-book) aCaPaEBRcCaPaEBR a(OCoLC)6658394060 aengawel14aPB2161b.J6 2010eb04a491.6/652221 aJones, Bob Morris.10aTense and aspect in informal Welshh[electronic resource] /cby Bob Morris Jones. aBerlin ;aNew York :bDe Gruyter,c2010. axxii, 389 p.1 aTrends in linguistics. Studies and monographs,x1864-4302 ;v223 aIncludes bibliographical references and index. aElectronic reproduction.bPalo Alto, Calif. :cebrary,d2011.nAvailable via World Wide Web.nAccess may be limited to ebrary affiliated libraries. aWelsh and English. 0aWelsh languagexVerb. 0aWelsh languagexDiscourse analysis. 7aElectronic books.2local2 aebrary, Inc. 0aTrends in linguistics.pStudies and monographs ;v223.40uhttp://site.ebrary.com/lib/rucke/Doc?id=10415698zAn electronic book accessible through the World Wide Web; click to view c86098d86098